000 00613nam a2200193 i 4500
001 25279
003 ES-MaACL
005 20251113143457.0
007 t|
008 021223s1911 sp ||||1| spa d
100 1 _aArmada y López, Arturo.
_922907
245 1 0 _a¿Enseñanzas?
_b: últimas campañas navales /
_cArturo Armada y López ; carta-prólogo de José G. Sobral.
250 _a2ª ed.
260 _aMadrid :
_b[s.n.,
_c1911] (
_fImp. El Porvenir)
300 _a221 p. ;
_c23 cm.
700 1 _aGutiérrez Sobral, José,
_d1858-1918
_9106992
852 _aES-MaACL
_jG-12509
999 _c25279
_d25279